LEADER 01033nam a2200205 i 4500 001 000000070939 003 CaOOAMICUS 005 20081009000000.0 008 081009s1970 sw u000 u fre u 013 $a42111 040 $aSeMil$bita 245 12$aL'université et l'intégration du savoir :$bdouze études de professeurs sur l'apport de leurs sciences a una intégration du savoir /$cpubliées par N. A. Luyten. 260 $aFribourg (Suisse) :$bÉditions Universitaires,$c1970. 300 $a190 p. ;$c23 cm. 650 4$aUniversità.$0(OLS)http://semarc/subject/8066 700 1 $aLuyten, Norbert A. .$0(OLS)http://semarc/name/21390 850 $aSeMil 852 $aSeMil$W1$xVenegono$y1$m2P III 288$j37092$B37092$CSeMilBibl$Z2$F37095 $81 996 $6245$aL'université et l'intégration du savoir :$bdouze études de professeurs sur l'apport de leurs sciences a una intégration du savoir$9(OLS)http://semarc/title/114004 996 $6260$aFribourg (Suisse) :$bÉditions Universitaires$9(OLS)http://semarc/publisher/29915 LEADER 01033nam a2200205 i 4500 001 000000230023 003 CaOOAMICUS 005 20140526000000.0 008 140526s1962 it u000 u ita u 013 $a208925 040 $aSeMil$bita 100 1 $aCastellino, Giorgio Raffaele,$c.$0(OLS)http://semarc/name/78499 245 10$aSapienza babilonese :$braccolta di testi sapienziali tradotti dagli originali /$cG. R. Castellino. 260 $aTorino ; Milano [etc.] :$bSocietà Editrice Internazionale,$c1962. 300 $a113 p. ;$c22 cm. 650 4$aBibbia. Antico testamento. Sapienza - Commentari, studi, critica, interpretazioni.$0(OLS)http://semarc/subject/2660 850 $aSeMil 852 $aSeMil$W1$xVenegono$y1$m2Z II 34$j180369$B180369$CSeMilBibl$Z2$F191396 $81 996 $6245$aSapienza babilonese :$braccolta di testi sapienziali tradotti dagli originali$9(OLS)http://semarc/title/328862 996 $6260$aTorino ; Milano [etc.] :$bSocietà Editrice Internazionale$9(OLS)http://semarc/publisher/33070